000 00611nam a2200181Ia 4500
008 090124s9999 xx 000 0 und d
082 _b16607
_a2132
100 _aनायक का.दा.
245 _a गोमंतकाची सांस्कृतिक घडण
250 _a1
260 _c1968
300 _a12+176
600 _aनायक का.दा.
630 _a गोमंतकाची सांस्कृतिक घडण
700 _aनायक का.दा.
730 _a गोमंतकाची सांस्कृतिक घडण
942 _cBOOK
999 _c130547
_d130547